Secessionist Movements by Flag - Europe - Statistics

General Stats
  • This quiz has been taken 252 times
  • The average score is 14 of 20
Answer Stats
Picture Answer % Correct
Kosovo
95%
Scotland
95%
Faroe Islands
93%
Catalonia
91%
Corsica
89%
Basque
87%
Transnistria
87%
Åland
83%
Bavaria
81%
Flanders
78%
Brittany
76%
Wallonia
73%
Chechnya (Ichkeria)
63%
Crimea
63%
Donetsk P.R.
63%
Luhansk P.R.
62%
Republika Srpska
52%
Lombardy
42%
Vojvodina
36%
Karelia
29%
No matching quizzes found
Score Distribution
Percent of People with Each Score
Percentile by Number Answered
Your Score History
You have not taken this quiz